Lokasāhityanuṃ samālocana. (Record no. 82763)
[ view plain ]
| 000 -LEADER | |
|---|---|
| fixed length control field | 00734cam a22002531 4500 |
| 001 - CONTROL NUMBER | |
| control field | sa 68009167 |
| 003 - CONTROL NUMBER IDENTIFIER | |
| control field | DLC |
| 005 - DATE AND TIME OF LATEST TRANSACTION | |
| control field | 20260227112541.0 |
| 008 - FIXED-LENGTH DATA ELEMENTS--GENERAL INFORMATION | |
| fixed length control field | 890718s1968 ii 000 0 gujo |
| 010 ## - LIBRARY OF CONGRESS CONTROL NUMBER | |
| LC control number | sa 68009167 |
| 035 ## - SYSTEM CONTROL NUMBER | |
| System control number | (OCoLC)20027241 |
| 040 ## - CATALOGING SOURCE | |
| Original cataloging agency | DLC |
| Transcribing agency | WaU |
| Modifying agency | DLC |
| 042 ## - AUTHENTICATION CODE | |
| Authentication code | premarc |
| 043 ## - GEOGRAPHIC AREA CODE | |
| Geographic area code | a-ii--- |
| 050 00 - LIBRARY OF CONGRESS CALL NUMBER | |
| Classification number | PK1854 |
| Item number | .M4 1968 |
| 100 1# - MAIN ENTRY--PERSONAL NAME | |
| Personal name | Meghāṇī, Jhaveracanda Kālīdāsa, |
| Dates associated with a name | 1896-1947. |
| 245 10 - TITLE STATEMENT | |
| Title | Lokasāhityanuṃ samālocana. |
| 260 ## - PUBLICATION, DISTRIBUTION, ETC. | |
| Date of publication, distribution, etc. | 1968. |
| 300 ## - PHYSICAL DESCRIPTION | |
| Extent | 256 p. |
| Dimensions | 19 cm. |
| 410 20 - SERIES STATEMENT/ADDED ENTRY--CORPORATE NAME [OBSOLETE, CAN/MARC], [LOCAL, USA] | |
| Corporate name or jurisdiction name as entry element | University of Bombay. |
| Title of a work | Thakkar Vassonji Madhavji lectures, |
| Volume number/sequential designation | 1943 |
| 500 ## - GENERAL NOTE | |
| General note | In Gujarati. |
| 650 #0 - SUBJECT ADDED ENTRY--TOPICAL TERM | |
| Topical term or geographic name entry element | Folk literature, Gujarati |
| General subdivision | History and criticism. |
| 700 1# - ADDED ENTRY--PERSONAL NAME | |
| Personal name | Yajnik, Amritlal, |
| Dates associated with a name | 1913- |
No items available.